000 00649nam a22002537a 4500
001 BR8804012
003 BR-BrBNA
005 20230928092947.0
007 ta
008 230509b bl.||||| |||| 00| 0 por d
040 _aBR-BrBNA
_bpor
_cBiblioteca Nacional de Agricultura
041 _a(Por)
072 _aF01
090 _ F01 BR8804012
100 1 _aBrasil, H.M.S.
110 1 _aFaculdade de Ciencias Agrarias do Para, Belem (Brasil)
245 1 _aFaca um jardim
260 3 _aBelem, PA (Brasil):
_c1984.
300 _a22 p.
650 _aJARDIM
650 _aPRATICA CULTURAL
909 _a202309
_bLucia
_c55
_dLucia Elande
942 _cBK
999 _c42223
_d42223